Giacomo Alberione un uomo, un idea. (Record n. 37614)
[ formato base ]
| 000 -LEADER | |
|---|---|
| fixed length control field | 01503nam a22001937a 4500 |
| 003 - CONTROL NUMBER IDENTIFIER | |
| control field | IT-RoPau |
| 005 - DATE AND TIME OF LATEST TRANSACTION | |
| control field | 20220918175936.0 |
| 008 - FIXED-LENGTH DATA ELEMENTS--GENERAL INFORMATION | |
| fixed length control field | 121206b xxu||||| |||| 00| 0 eng d |
| 040 ## - CATALOGING SOURCE | |
| Transcribing agency | IT-RoPau |
| 100 ## - MAIN ENTRY--PERSONAL NAME | |
| Personal name | Alberione Giacomo |
| Fuller form of name | Fondatore Famiglia Paolina |
| 9 (RLIN) | 19 |
| 245 ## - TITLE STATEMENT | |
| Title | Giacomo Alberione un uomo, un idea. |
| Remainder of title | Volume Secondo 1923-1945 |
| 250 ## - EDITION STATEMENT | |
| Edition statement | I |
| 260 ## - PUBLICATION, DISTRIBUTION, ETC. (IMPRINT) | |
| Place of publication, distribution, etc. | Roma |
| Name of publisher, distributor, etc. | SSP |
| Date of publication, distribution, etc. | 1988 |
| 300 ## - PHYSICAL DESCRIPTION | |
| Extent | 270 p. |
| Dimensions | 21,2 cm |
| 490 ## - SERIES STATEMENT | |
| Series statement | Archivio Storico Generale della Famiglia Paolina |
| Volume/sequential designation | 2° v. |
| 500 ## - GENERAL NOTE | |
| General note | VITA E OPERE <br/>del Fondatore della Famiglia Paolina |
| 520 ## - SUMMARY, ETC. | |
| Summary, etc. | INDICE<br/><br/>Chi è Don Giacomo Alberione?<br/>Indole, scopo e limiti di questa biografia<br/>Spiegazione di alcune Sigle<br/><br/>Capitolo I.<br/>L' IDEA INIZIALE SI CHIARIFICA E CONCRETIZZA<br/><br/>Capitolo II<br/>LA SOFFERENZA LINFA NECESSARIA PER LA CRESCITA<br/><br/>Capitolo III<br/>MERAVIGLIOSO MOLTIPLICARSI DI INIZIATIVE<br/>APOSTOLICHE<br/><br/>Capitolo IV<br/>LA PIA SOCIETA' SAN PAOLO ERETTA<br/>IN CONGREGAZIONE RELIGIOSA<br/><br/>Capitolo V<br/>LE FIGLIE DI SAN PAOLO DIVENTANO<br/>CONGREGAZIONE RELIGIOSA<br/><br/>Capitolo VI<br/>IL PAOLINO PREDICA IL VANGELO<br/>CON LA SUA REDAZIONE<br/><br/>Capitolo VII<br/>IL PAOLINO PREDICA IL VANGELO<br/>CON LA SUA REDAZIONE<br/><br/>Capitolo VII<br/>VOLERE O NO IL MONDO E' NOSTRO<br/><br/>Capitolo VIII<br/>ANDATE NEL MONDO A PREDICARE IL VANGELO<br/><br/>Capitolo IX<br/>FARE FUOCO CON LA LEGNA VERDE<br/><br/>Capitolo X<br/>LA DIFFICILE PROVA DELLA GUERRA<br/><br/>Capitolo XI<br/>SI GIUNGE ALLA PRIMA APPROVAZIONE PONTIFICIA<br/><br/>Capitolo XII<br/>FERVORE GIOVANILE DI DON ALBERIONE SESSANTENNE<br/><br/>Indice generale del secondo volume |
| 942 ## - ADDED ENTRY ELEMENTS (KOHA) | |
| Source of classification or shelving scheme | Dewey Decimal Classification |
| Koha item type | LIBRO |
| Withdrawn status | Lost status | Source of classification or shelving scheme | Damaged status | Not for loan | Home library | Current library | Date acquired | Total Checkouts | Full call number | Date last seen | Price effective from | Koha item type |
|---|---|---|---|---|---|---|---|---|---|---|---|---|
| Dewey Decimal Classification | Buone Condizioni | Not For Loan | PAULUS-BIBLIOTECA | PAULUS-BIBLIOTECA | 06/12/2012 | P A6 | 06/12/2012 | 06/12/2012 | LIBRO | |||
| Dewey Decimal Classification | Buone Condizioni | Not For Loan | PAULUS-BIBLIOTECA | PAULUS-BIBLIOTECA | 18/11/2013 | P A6 | 18/11/2013 | 18/11/2013 | LIBRO |